The Defence forces of Australia (Record no. 551610)
[ view plain ]
| 000 -LEADER | |
|---|---|
| fixed length control field | 00409nam a22001457a 4500 |
| 082 ## - DEWEY DECIMAL CLASSIFICATION NUMBER | |
| Classification number | 355.00994 |
| Author Mark | DEF |
| 100 ## - MAIN ENTRY--PERSONAL NAME | |
| Personal name | Govt of Australia |
| 9 (RLIN) | 48760 |
| 245 ## - TITLE STATEMENT | |
| Title | The Defence forces of Australia |
| 260 ## - PUBLICATION, DISTRIBUTION, ETC. | |
| Place of publication, distribution, etc. | Australia |
| Name of publisher, distributor, etc. | Tavistock |
| Date of publication, distribution, etc. | 1977 |
| 300 ## - PHYSICAL DESCRIPTION | |
| Extent | vi, 56 p. : |
| Other physical details | ill. : |
| Dimensions | 6 Cm |
| 526 ## - STUDY PROGRAM INFORMATION NOTE | |
| Program name | 0 |
| Interest level | 0 |
| Reading level | 0 |
| Title point value | 355_009940000000000_DEF |
| 526 ## - STUDY PROGRAM INFORMATION NOTE | |
| Program name | 0 |
| Interest level | 0 |
| Reading level | 0 |
| Title point value | 355_009940000000000_DEF |
| 650 ## - SUBJECT ADDED ENTRY--TOPICAL TERM | |
| Topical term or geographic name entry element | MCE |
| 9 (RLIN) | 379 |
| 942 ## - ADDED ENTRY ELEMENTS (KOHA) | |
| Source of classification or shelving scheme | |
| Koha item type | Book |
| Withdrawn status | Lost status | Source of classification or shelving scheme | Damaged status | Not for loan | Permanent Location | Current Location | Date acquired | Total Checkouts | Total Renewals | Full call number | Barcode | Date last seen | Date last checked out | Price effective from | Koha item type |
|---|---|---|---|---|---|---|---|---|---|---|---|---|---|---|---|
| Military College of Engineering (MCE) | Military College of Engineering (MCE) | 12/18/2014 | 1 | 1 | 355.00994 DEF | MCE-41253 | 07/08/2020 | 02/20/2020 | 12/18/2014 | Book | |||||
| Military College of Engineering (MCE) | Military College of Engineering (MCE) | 12/18/2014 | 355.00994 DEF | 12/18/2014 | 12/18/2014 | Book |
